000 00700nam a22002417a 4500
003 UA-OsUOA
001 40397
007 ta
008 20060727b un ||||| |||| 00| 0 ukr d
100 _aАникин Г.В.
700 _aМихальская Н.П.
090 _a821.111(091)
_bА67
942 _cBK
040 _aUA-OsUOA
_brus
_cUA-OsUOA
_dUA-OsUOA
245 _aИстория английской литературы
_bУчебное пособие
300 _a528 с.
955 _a2
041 _arus
080 _a821.111(091)
260 _aМ.
_bВысшая школа
_c1975
650 7 _a82 Література. Літературознавство
_2UDC
999 _c326535
_d326535